000 00474nam a2200181Ia 4500
005 20250326125956.0
008 250326s9999 xx 000 0 und d
037 _aTextbook
040 _aFMSL
_beng
_cFMSL
041 _aeng
_2eng
084 _aX:8 N7
_qFMSL
100 _aLindsay J R
_9738138
245 0 _aFicial management
_cLindsay J R
260 _aLiiionis
_bLiiionis, Irwin
_c1967
300 _a510p
942 _cTB
_hX:8 N7
999 _c1280411
_d1280411